MARC

Tag First Indicator Second Indicator Subfields
LEADER 00000cam a2200000 a 4500
001 in00000288685
005 20151010075822.0
008 810702s1977 ii b b 00110 engm
010 |a  77905006  
020 |c Rs75.00 ($12.50 U.S.) 
035 |a (OCoLC)05067979 
035 |9 ABF4624AM 
040 |a DLC  |c DLC  |d m.c.  |d TXA  |d UtOrBLW 
043 |a a-ii--- 
049 |a TXAM  |c [1117684] 
050 0 0 |a GF662 S27  |b  S56 
082 0 |a 954/.12  |2 19 
100 1 |a Singh, Rana P. B. 
245 1 0 |a Clan settlements in the Saran Plain (Middle Ganga Valley) :  |b a study in cultural geography /  |c Rana P.B. Singh. 
250 |a 1st ed. 
264 1 |a Varanasi :  |b National Geographical Society of India, Banaras Hindu University on behalf of the International Geographical Union, Commission on Rural Settlements in Monsoon Lands,  |c 1977. 
300 |a xviii, 174 pages :  |b maps ;  |c 26 cm. 
336 |a text  |b txt  |2 rdacontent 
337 |a unmediated  |b n  |2 rdamedia 
338 |a volume  |b nc  |2 rdacarrier 
490 1 |a N.G.S.I. research publication ;  |v no. 18 
504 |a Includes bibliographical references and index. 
650 0 |a Land settlement patterns  |z India  |z Saran (District) 
650 0 |a Caste  |z India  |z Saran (District) 
650 0 |a Clans  |z India  |z Saran (District) 
651 0 |a Saran (India)  |x Social life and customs. 
650 0 |a Human geography  |z India  |z Saran (District) 
830 0 |a Res. pub. (National Geographical Society of India) ;  |v no. 18. 
999 |a MARS 
999 f f |s d16bdbd7-0266-3fe7-9226-1c643e09d0a5  |i b794814a-d54f-35d0-bb44-8b716e56aafb  |t 0 
952 f f |p ric  |a Texas A&M University  |b Rellis Campus  |c Joint Library Facility  |d Remote Storage  |t 0  |e GF662 S27 S56  |h Library of Congress classification  |i unmediated -- volume  |m A14806396757 
998 f f |a GF662 S27 S56  |t 0  |l Remote Storage